000 00493nam a2200193Ia 4500
005 20240425072505.0
008 240331s9999 xx 000 0 und d
020 _a0803991479
082 _bKAL
_a331.4
100 _aKalpagam, U
245 0 _aLabour and gender :
_bsurvival in urban India
_cu.Kalpagam
250 _a1 st
260 _aNew Delhi:
_bSage Publications India Pvt Ltd /
_c1994
300 _a309 p .,
650 _aGender
650 _aWomen
650 _aEconomics
942 _cL
999 _c2601
_d2601